000 02212cam a22005174i 4500
003 PE-LiUPU
005 20250731173353.0
008 150706s2006 xxua r 000 0 eng d
020 _a187895105x
020 _a9780979964817
035 _a(Sirsi) i187895105
040 _aPE-LiUPU
_bspa
_cPE-LiUPU
_erda
049 _aPRUA
082 0 4 _a286.73209
_bM12
_221
100 1 _aMcFarland, Ken,
_eautor.
245 1 4 _aThe called. the chosen :
_bGod has always had a people /
_cKen McFarland.
264 1 _aUnited Satates of America :
_bReview and Herald Graphics,
_c2006.
300 _a152 páginas :
_bilustraciones ;
_c21 centímetros
336 _atext
_2rdacontent
337 _aunmediated
_2rdamedia
338 _avolume
_2rdacarrier
505 0 _aOnce Upon A Time -- Choosing Sides In The War Of All Wars -- An Unbroken Line Of The Loyal -- Winning The Rebels Through Love -- Looking For The Wrong King -- Firestorm! -- Bring On The Rain -- Wilderness Woman -- "Here I Stand" -- From The Ashes, Triumph -- Champions Of Truth -- A Gift Like No Other -- Who Are We? -- Who Are You?
526 _aSEG42
526 _aSEG41
526 _aSEG40
526 _aSEG39
526 _aP94
526 _aP87
526 _aP86
526 _aP85
526 _aP77
526 _aP76
526 _aP35
650 2 4 _aIASD
_xHistoria.
650 1 4 _aAdventistas del séptimo día
_xHistoria.
910 _bjv
_cng
_d20100720
910 _adbm
_bncf
_cncf
_d20200128
942 _2ddc
_cBOOK
949 _a286.73209 M12
_wDEWEY
_c1
_i61945
_lCCODEBUL1
_mBUL
_p12.00
_r0
_sY
_tBOOK
_u2015-7-6
_xTEOLOGIA
_PP35
_o.STAFF. Colección General
994 _aC0
_bPEPRU
596 _a1 4
999 _a286.73209 M12
_wDEWEY
_c51060
_i61945
_d51060
_f2021-11-11
_g6
_lCCODEBUL1
_mBUL
_p12.00
_q1
_r0
_sY
_tBOOK
_u2015-7-6
_xTEOLOGIA
_PP35
_o.STAFF. Colección General
999 _a286.73209 M12
_wDEWEY
_c1
_iCW001620
_f2021-12-23
_g1
_lCCODECWL1
_mBWL
_p12.00
_r1
_sY
_tBOOK
_u2020-2-3
_xTEOLOGIA
_zUNKNOWN
_0DONACION
_o.STAFF. Colección Elena de White
980 _81
_gALBERTO SANCHEZ Responsable de Automatización